And now wash your hands (Record no. 68490)
[ view plain ]
| 000 -LEADER | |
|---|---|
| fixed length control field | 01448cam a2200253 4500 |
| 001 - CONTROL NUMBER | |
| control field | ABS64541 |
| 008 - FIXED-LENGTH DATA ELEMENTS--GENERAL INFORMATION | |
| fixed length control field | 011005n2001 000 0 eng u |
| 035 ## - SYSTEM CONTROL NUMBER | |
| System control number | (Sirsi) u115009 |
| 100 ## - MAIN ENTRY--PERSONAL NAME | |
| Personal name | Loveland, I. |
| 245 ## - TITLE STATEMENT | |
| Title | And now wash your hands |
| 260 ## - PUBLICATION, DISTRIBUTION, ETC. | |
| Date of publication, distribution, etc. | 2001 |
| 490 ## - SERIES STATEMENT | |
| Series statement | Journal of Planning and Environment Law |
| Volume/sequential designation | October 2001, 1144-1152(9) |
| 520 ## - SUMMARY, ETC. | |
| Summary, etc. | Discusses the implications of "Birmingham CC v Oakley" HL 2000, which found that a risk which arose by reason of an undesirable arrangement of rooms (i.e. a lavatory without a wash basin) could not be classed as a statutory nuisance. Considers the substantive issue before HL , and the majority and dissenting judgments, and the likely impact of the Human Rights Act. Notes that HL's judgment highlights the difficulties posed for both local authorities qua landlords and their tenants by the ongoing residualisation of public sector housing stock. Full copy of judgeent available on http://www.parliament.the-stationery-office.co.uk/pa/ld199900/ldjudgmt/jd001129/birmin-1.htm |
| 590 ## - LOCAL NOTE (RLIN) | |
| Local note | ABS |
| 650 ## - SUBJECT ADDED ENTRY--TOPICAL TERM | |
| Topical term or geographic name entry element | BIRMINGHAM CITY COUNCIL V OAKLEY |
| 650 ## - SUBJECT ADDED ENTRY--TOPICAL TERM | |
| Topical term or geographic name entry element | ENVIRONMENTAL PROTECTION ACT 1990 S79 |
| 650 ## - SUBJECT ADDED ENTRY--TOPICAL TERM | |
| Topical term or geographic name entry element | STATUTORY NUISANCE |
| 650 ## - SUBJECT ADDED ENTRY--TOPICAL TERM | |
| Topical term or geographic name entry element | PUBLIC SECTOR HOUSING |
| 650 ## - SUBJECT ADDED ENTRY--TOPICAL TERM | |
| Topical term or geographic name entry element | PUBLIC HEALTH |
| 650 ## - SUBJECT ADDED ENTRY--TOPICAL TERM | |
| Topical term or geographic name entry element | HOUSING |
| 690 ## - LOCAL SUBJECT ADDED ENTRY--TOPICAL TERM (OCLC, RLIN) | |
| Topical term or geographic name as entry element | Health and safety |
| 9 (RLIN) | 6244 |
| 856 ## - ELECTRONIC LOCATION AND ACCESS | |
| Uniform Resource Identifier | <a href="https://www.parliament.the-stationery-office.co.uk/pa/ld199900/ldjudgmt/jd001129/birmin-1.htm">https://www.parliament.the-stationery-office.co.uk/pa/ld199900/ldjudgmt/jd001129/birmin-1.htm</a> |
| 942 ## - ADDED ENTRY ELEMENTS (KOHA) | |
| Suppress in OPAC | 0 |
| Withdrawn status | Lost status | Source of classification or shelving scheme | Damaged status | Not for loan | Home library | Current library | Shelving location | Date acquired | Total Checkouts | Full call number | Barcode | Date last seen | Copy number | Price effective from | Koha item type |
|---|---|---|---|---|---|---|---|---|---|---|---|---|---|---|---|
| Dewey Decimal Classification | London | London | Journal article | 05/10/2001 | ABS64541 | 115009-1001 | 06/08/2019 | 1 | 06/08/2019 | Journal article |